Häufigste Adjektive der deutschen Sprache - Statistiken

Allgemein
  • Dieses Quiz wurde 6.770 mal gespielt
  • Das Durchschnittsergebnis liegt bei 5 aus 20
Antwortstatistiken
Rang Adjektiv % Korrekt
2. groß
76%
9. klein
75%
8. gut
66%
18. lang(e)
47%
12. alt
33%
13. hoch
31%
4. viel
30%
20. wenig
25%
1. neu
24%
6. weit
24%
15. jung
23%
19. nah(e)
16%
7. deutsch
6%
3. erste/r/s
4%
5. andere/r/s
3%
11. letzte/r/s
3%
10. eigen
2%
14. einig
2%
16. zweite/r/s
2%
17. vergangen
1%
Keine übereinstimmenden Quizze gefunden
Verteilung der Resultate
Anzahl Personen mit jedem Resultat
Perzentil nach korrekt beantworteten Fragen
Ihre Resultats-Entwicklung
Sie haben dieses Quiz noch nicht gespielt